[Event "Martigny op 25th"]
[Site "Martigny"]
[Date "2016.07.30"]
[Round "2"]
[White "Julmy, Sylvain"]
[Black "Brunner, Nicolas"]
[Result "0-1"]
[WhiteElo "2090"]
[BlackElo "2443"]
[PlyCount "66"]
[EventDate "2016.07.29"]
[EventType "swiss"]
[EventRounds "7"]
[EventCountry "SUI"]
[SourceTitle "EXT 2017"]
[Source "ChessBase"]
[SourceDate "2016.10.25"]
[SourceVersion "1"]
[SourceVersionDate "2016.10.25"]
[SourceQuality "1"]

1. d4 d5 2. Bf4 Nf6 3. e3 c5 4. c3 Nc6 5. Nd2 Bf5 6. Qb3 Qd7 7. Ngf3 c4 8. Qa4 a6 9. Nh4 Be4 10. f3 Bg6 11. Nxg6 hxg6 12. Be2 Nh5 13. Bg5 Ng3 14. Kf2 Nxh1+ 15. Rxh1 b5 16. Qc2 Qf5 17. Qxf5 gxf5 18. e4 e6 19. exd5 exd5 20. Nf1 Be7 21. Bc1 Bd6 22. Ne3 Ne7 23. h3 Kd7 24. Nc2 f4 25. Bd2 Nf5 26. Bd1 Rhe8 27. Re1 Rxe1 28. Bxe1 Be7 29. Bd2 Bh4+ 30. Kg1 Bg3 31. Nb4 Kd6 32. Bc2 Re8 33. Bxf5 Re2 0-1